Potrebujeme jednotný priemysel

Rozhovor s Alexejom Beljajevom, spolumajiteľom skupiny Optifin Invest, o stratégii rozvoja priemyslu a jeho pohľade na slovenský strojársky priemysel, ale aj o školskom systéme a vzdelávacej štruktúre na Slovensku.

Gespeichert in:
Bibliographische Detailangaben
1. Verfasser: Jesný, Martin
Weitere Verfasser: Marianyi, Peter, Beljajev, Alexej
Format: Buchkapitel
Sprache:Slowakisch
Schlagworte:
Tags: Tag hinzufügen
Keine Tags, Fügen Sie das erste Tag hinzu!

MARC

LEADER 00000naa a2200000 4500
001 0211835
005 20231011123749.2
041 0 |a slo 
044 |a SK 
245 1 0 |a Potrebujeme jednotný priemysel  |c Martin Jesný, Peter Marianyi, Alexej Beljajev 
520 |a Rozhovor s Alexejom Beljajevom, spolumajiteľom skupiny Optifin Invest, o stratégii rozvoja priemyslu a jeho pohľade na slovenský strojársky priemysel, ale aj o školskom systéme a vzdelávacej štruktúre na Slovensku. 
610 2 0 |a rozhovor 
610 2 0 |a priemysel strojársky 
610 2 0 |a priemysel automobilový 
610 2 0 |a ekonomika výroby 
610 2 0 |a technika 
610 2 0 |a školy odborné 
610 2 0 |a absolventi 
610 2 0 |a zamestnanosť 
100 1 |a Jesný, Martin 
700 1 |a Marianyi, Peter 
700 1 |a Beljajev, Alexej